[Event "Shrewsbury A - Oswestry A"]
[Site "?"]
[Date "2025.04.02"]
[Round "Bd 3"]
[White "Van Kemenade, J."]
[Black "Ilesamni, Olusegan"]
[Result "0-1"]
[Annotator "Van Kemenade,Rudy"]
[WhiteElo "1681"]
[BlackElo "1768"]
[PlyCount "44"]
[GameId "2163628039565881"]
[EventDate "2025.04.06"]

1. e4 c5 2. Nc3 Nc6 3. f4 e5 {389 games out of 43,079} 4. Nf3 {72% for Wh} (4. fxe5 Nxe5 5. Nf3 {77% for Wh}) 4... exf4 {could have arisen from a King's Gambit with a rather peculiar followup of c5 and Nc6} 5. Bc4 d6 6. h3 $146 {Wh was needlessly woried by Bg4 with a resultant pawn storm} (6. d3 Be6 {4-1-2} (6... g5 7. h4 {3-1-1} (7. O-O {2-3-0})) (6... Bg4 7. O-O (7. Bxf4 Nf6 8. O-O Nd4 9. Nd5 Bxf3 10. gxf3 b5 11. Nxf6+ Qxf6 12. Bd5 Rb8 13. Bg3 Be7 14. c3 Ne6 15. Bc6+ Kf8 16. f4 b4 17. e5 Qh6 18. Bd5 bxc3 19. bxc3 Nc7 20. Rb1 Rd8 21. Be4 d5 22. Bg2 Qa6 23. f5 Nb5 24. f6 gxf6 25. exf6 Bd6 26. Qg4 Bxg3 27. Qg7+ Ke8 28. Bh3 {1-0 Arnold,J-Trigo,R IECG Cat-B email IECG email 1995}) 7... g5 8. h4 (8. g3 Bg7 9. gxf4 Qd7 10. Qe1 Bxf3 11. Rxf3 Nd4 12. Rf2 Qh3 13. Qf1 Qxf1+ 14. Kxf1 g4 15. Nd5 Kd7 16. c3 b5 17. Bb3 Nc6 18. Ne3 Nh6 19. Rg2 f5 20. exf5 Rhf8 21. Be6+ Ke7 22. h3 g3 23. Rxg3 Bh8 24. Bd2 Kd8 25. a4 b4 26. Rg5 Rb8 27. Rh5 Ng8 28. Rxh7 Nf6 29. Rh6 Ne7 30. Ke2 Bg7 31. Rh4 Rh8 32. Rxh8+ Bxh8 33. Kf3 Kc7 34. cxb4 cxb4 35. Rc1+ Kd8 36. b3 Nd7 37. Nc4 Nc5 38. Nxd6 Bd4 39. Be3 Bxe3 40. Kxe3 Nxe6 41. fxe6 Nd5+ 42. Ke4 Nc3+ 43. Ke5 {1-0 Moiseenko,V (2441)-Sargsjan,V (2187) Cherepovets North Cup 2012 (4)}) 8... h6 9. Qe1 Bg7 10. g3 Bh3 11. gxf4 Bxf1 12. Kxf1 gxh4 13. Qxh4 Qxh4 14. Nxh4 Nd4 15. Nb5 Nxc2 16. Rb1 Rd8 17. Nf5 Bf8 18. Nxa7 Nd4 19. Nxd4 cxd4 20. Bd2 Bg7 21. Rc1 Ne7 22. Bb5+ Nc6 23. Nxc6 bxc6 24. Rxc6 O-O 25. b4 d5 26. e5 h5 27. a4 Kh7 28. Kg2 Rb8 29. Kh3 Rfc8 30. a5 Bf8 31. Ba4 Rxc6 32. Bxc6 Bxb4 33. Bxb4 Rxb4 34. a6 Rb3 35. a7 Rxd3+ 36. Kh4 Ra3 37. a8=Q Rxa8 38. Bxa8 d3 39. Bxd5 d2 40. Bf3 Kg6 41. Bxh5+ Kf5 42. Kg3 Ke4 43. Bd1 Kf5 44. Kf3 Ke6 45. Bb3+ Kf5 46. Bc2+ {1-0 Allford,Z (1786)-Zurowski,D (1320) IECC Swiss email IECC email 1998})) 6... Be7 (6... g5 $17 {SF17 starts a pawn storm as h4 now loses a tempo and Wh's K side has been weakened , so 0-0 would run into h5}) 7. Ne2 (7. O-O {SF17 - is still prefeable though to the text- the Engine fights it out if Bl continues with} g5 8. b4 $1 cxb4 (8... Nxb4 9. d4 $14) 9. Nd5 h6 10. Bb2 Nf6 11. Nxe7 Qxe7 12. a3 $15 {The initial assesment of the Engine, but it concludes that Bl is best giving at least a pawn back} Ne5 (12... O-O 13. axb4 Re8 14. d3 $11) (12... Rg8 13. Bb5 g4 14. hxg4 Bxg4 15. Bxf6 Qxf6 16. axb4 Kf8 17. Bxc6 bxc6 18. d4 $11) 13. Bb5+ Kf8 14. d4 Nxf3+ 15. Qxf3 d5 16. exd5 Kg7 $11) 7... Bh4+ (7... g5 8. d4 h6 {with a pawn structure (except for c5 and h3) close to normal lines in the King's Gambit}) 8. Kf1 Be7 (8... Bf6 9. Nxf4 Ne5 10. Bb5+ Bd7 11. Bxd7+ Qxd7 12. Nd5 Nxf3 13. Qxf3 Be5 14. d3 Ne7 15. Nxe7 Qxe7 16. g3 O-O 17. Kg2 Qe6 18. Rf1 b5 19. a3 a5 $15 {SF17}) 9. Nxf4 $11 Nf6 10. d3 O-O 11. c3 (11. Kf2 $11) (11. Be3 $11) (11. Kg1 $11) 11... Ne5 12. Bb3 Bd7 $15 (12... c4 13. Bc2 cxd3 14. Bxd3 Re8 $17 {SF17}) 13. Bc2 Bc6 14. Qe1 (14. Kg1 Kh8 15. d4 cxd4 16. cxd4 Nxf3+ 17. gxf3 g5 18. Ne2 Nh5 19. Be3 Bd7 20. Rh2 Rc8 21. Nc3 Rg8 22. Qd2 Qf8 23. Kh1 f5 24. Rg1 fxe4 25. Bxe4 Re8 26. d5 Bf6 $15 {SF17}) 14... Nxf3 (14... Re8 $17) 15. gxf3 Nd7 (15... d5 16. Rh2 g6 17. Kg1 Re8 18. Re2 d4 19. Rg2 Nd7 $15 {SF17}) 16. Qg3 (16. h4 $11 {SF17- gives Wh that extra little space for attacking Bl's K instead}) 16... Bh4 17. Qg2 Ne5 (17... f5 18. Ke2 Qe7 19. Be3 Kh8 20. Bb3 b5 21. Bd5 Bxd5 22. Nxd5 Qf7 23. Kd2 Nb6 $19 {the Wh K is dangerously placed in the middle of the board and the Q side is a bit draughty as well}) 18. Rg1 Qf6 (18... g5 {looks wild, but SF17 has it all worked out} 19. Ke2 (19. Nd5 f6 20. f4 Ng6 21. Bb3 f5 (21... Kh8 22. f5 Ne5 $15) 22. exf5 (22. Nb6+ Kh8 23. Nxa8 fxe4 $19 {the position opens up around Wh's K, and Wh's Q side is still undeveloped}) 22... Rxf5 23. Qg4 Rxd5 24. Qe6+ Kh8 25. Bxd5 Qf8 26. Bxc6 bxc6 27. Kg2 gxf4 28. Rf1 Bg3 $17 {a crazy sequence}) 19... Kh8 20. d4 cxd4 21. cxd4 Rc8 22. dxe5 dxe5 23. Bd2 exf4 24. Bc3+ f6 $17 {also not your normal kind of play}) (18... g6 19. Qe2 Rc8 20. Rg2 Bd7 21. Kg1 Kh8 22. Be3 {and now} g5 {looks sensible as it picks up an exchange} 23. Nd5 Bxh3) 19. Be3 (19. Nh5 $1 $11 Qg6 (19... Qxf3+ 20. Qxf3 Nxf3 21. Rxg7+ Kh8 22. Bh6 f5 23. Ke2 fxe4 24. dxe4 Bb5+ 25. Bd3 c4 26. Bc2 Be8 27. Nf4 Rf6 28. Rxb7 Rxh6 29. Kxf3 Rf6 30. Rf1 Bg5 31. Kg3 $11) 20. f4 (20. Nxg7 Kxg7 21. Qe2 Bg3 22. Qg2 Bh4 {repetition, looked at in pm analysis}) 20... f5 21. Qe2 Qh6 22. Rxg7+ Kh8 23. fxe5 fxe4+ 24. Kg1 Bf2+ 25. Kh2 e3 26. d4 Rg8 27. Bxe3 Rxg7 28. Bxh6 Rg2+ 29. Kh1 Rg1+ 30. Kh2 Rg2+ {SF17 an equally curious variation, though easier to follow.}) 19... g6 (19... Kh8 $17 {SF17}) 20. Nh5 $2 {one move too late} (20. Bb3 b5 21. Bd5 Bxd5 22. Nxd5 Qxf3+ 23. Qxf3 Nxf3 24. Rh1 f5 25. Ke2 Ne5 26. Raf1 fxe4 27. dxe4 a6 $15 {SF17}) 20... Qxf3+ 21. Qxf3 Nxf3 22. Rg4 $2 (22. Rg2 Kh8 23. Ng3 f5 $19 {Bl is a pawn up and is still attacking with better placed pieces}) 22... Nh2+ 0-1

[Event "Shrewsbury A - Oswestry A"]
[Site "Cromwell's Tap House, Shrewsbu"]
[Date "2025.04.02"]
[Round "Bd 4"]
[White "Priestley, Stephen"]
[Black "Fisher, Peter S"]
[Result "0-1"]
[Annotator "Van Kemenade,Rudy"]
[WhiteElo "1769"]
[BlackElo "1635"]
[PlyCount "128"]
[GameId "2162854008098826"]
[EventDate "2025.04.02"]

{[%evp 0,128,17,-22,-37,-27,-22,-18,-20,-20,-22,-25,-25,-24,-37,-26,-29,-29,-30,-25,-22,-23,-12,-46,-29,-21,-21,-29,62,-95,-59,-87,-100,-107,-87,-140,-94,-116,-113,7,-132,-174,-139,-97,-55,-49,-49,-4,-138,-28,-5,33,1,-25,-167,-45,1,-92,14,-46,-82,-119,-106,-95,-185,-168,164,254,185,305,198,205,166,180,185,204,201,176,61,79,101,152,210,28,184,56,111,60,46,144,207,140,154,109,283,-52,-192,-83,287,364,388,249,395,246,482,417,544,461,732,845,997,1132,1897,962,1580,646,935,668,639,1,1,-31,281,321,321,61,325,1,-1,-651,-717]} 1. f4 d5 (1... c5 2. Nf3 d6 3. e3 e6 4. b3 Nf6 5. Bb2 Be7 6. Be2 O-O 7. O-O b6 8. d3 Bb7 9. e4 Nbd7 10. a4 Qc7 11. Na3 a6 {Priestley-Fisher, 4NCL Online, 2020,0-1  vk}) 2. Nf3 Nf6 3. e3 e6 4. b3 Be7 5. Bb2 c5 6. Be2 O-O 7. O-O b6 8. d3 Bb7 9. Ne5 Nc6 10. Nd2 Rc8 $11 {0-4-3 vk} (10... Nd7 $11 {50% over 32 games- vk}) (10... Qc7 $11 {50% over 18 games-vk}) 11. d4 Qc7 (11... Ne4 {inserted by vk} 12. Nxe4 dxe4 13. c3 Bd6 14. Qe1 Ne7 15. Nc4 Nd5 16. Qg3 f5 17. Nxd6 Qxd6 18. c4 Nf6 19. Rfd1 Qc7 20. dxc5 bxc5 21. Be5 Qf7 22. Rd6 Rc6 23. Rd2 Nd7 24. Bh5 g6 25. Rxd7 Qxd7 26. Bxg6 Rc7 27. Bh5+ Qg7 28. Bxc7 {1-0 Brito,L (2275)-Bortoloso,M (2228) Guarapari 3rd 2007 (7.1)}) 12. c3 (12. Rc1 {inserted by vk} Rfd8 13. Qe1 cxd4 14. exd4 Nb4 15. Qh4 Nxa2 16. Rcd1 Nc3 17. Bxc3 Qxc3 18. Ndf3 Qe3+ 19. Kh1 Qxe2 20. Rde1 Qxc2 21. Qh3 Ba6 22. Nxf7 Bxf1 23. Rxf1 Qf5 24. g4 Nxg4 {0-1 Aagaard,M-Christensen,J DEN-ch U18 int Denmark 1980}) 12... a6 13. Bd3 b5 14. g4 $6 {[%eval -65,13]} (14. a4 {[%eval -12,12]} c4 15. Be2 Rcd8 16. Qc2 cxb3) 14... c4 (14... Nxe5 15. fxe5 Ne4 16. a4 Bc6 $17 {SF17-vk}) 15. Bb1 Nxe5 16. fxe5 Ne4 17. b4 $6 {[%eval -97,16]} (17. Bxe4 {[%eval -54,15]} dxe4 18. bxc4 bxc4 19. Qe2 Bd5 20. a4 f6 21. exf6 Rxf6 22. Rxf6 Bxf6 23. Ba3 e5 24. Bc5 Qa5 25. Bb4 Qd8 {[even in this variation SF17 considers Bl has a defite plus-vk]}) 17... Bg5 $6 {[%eval -63,16] [This line is winning for Bl as the Wh Bs are hemmed in on the Q side and impeding the R-vk]} (17... f6 {[%eval -97,16]} 18. exf6 Bxf6 19. Qe2 e5 20. Bc2 Nxd2 21. Qxd2 Bg5 22. Qe2 Rce8 23. Rxf8+ Rxf8 24. Rf1 Rxf1+ 25. Kxf1 Qe7 26. Kf2 Bc8 27. Qf3 e4 28. Qe2 Qe6 29. Kg3 {SF17 continues with} h5 $19 {[vk]}) 18. Qe1 Nxd2 (18... Qe7 19. Nf3 f5 20. exf6 Bxf6 21. Qe2 Ng5 $19 {[SF17-vk]}) 19. Qxd2 Qe7 20. Rf3 $6 {[%eval -150,15]} (20. Bc2 {[%eval -76,16]} f6 21. exf6 Bxf6 22. Rf3 Bg5 23. Raf1 Rxf3 24. Rxf3 e5 25. Qf2 Bh4 26. Qg2 {[SF17 continues with} e4 $19) 20... g6 $2 {[%eval -39,15]} (20... f6 {[%eval -150,15]} 21. exf6 Rxf6) 21. Bc2 Ra8 22. Raf1 f5 (22... f6 $17 {(SF17-vk]}) 23. gxf5 exf5 (23... gxf5 $15 {[SF17]}) 24. Qf2 Rf7 25. Qg2 Kh8 26. Rg3 Bh4 27. Rh3 Qg5 28. Rff3 Qxg2+ 29. Kxg2 Be7 30. Rfg3 $6 {[%eval -100,17]} (30. a3 {[%eval -71,17]} a5 31. Bb1 Rff8) 30... Kg7 31. Bc1 Bc8 32. Rh5 Kh8 $2 {[%eval 100,17]} (32... a5 {[%eval -147,15]} 33. bxa5 Rxa5 34. Bb1 b4 35. cxb4 Bxb4 36. Kh1 Be1 37. Rg1 Bf2 38. Rg2 {SF17 continues with} Rb7 39. Bxf5 Rxa2 40. Rhg5 Ra1 $19 {[added by vk]}) (32... Kf8 {vk watching, thought this would be simply threatening f4 and putting both Wh Rs in danger. SF17 considers this winning, but has a few tricky lines in response} 33. e6 (33. Rhh3 a5 (33... f4 34. exf4 Bxh3+ 35. Kxh3 Ke8 $15 {as Wh's centre somewhat obstructs the activity of the Bl Rs})) 33... Rg7 (33... Bxe6 34. Rxg6 $11) 34. e4 dxe4 35. Bh6 Bxe6 36. Bxe4 fxe4 37. Re5 Kf7 38. Bxg7 Bd6 39. Bh6 Bxe5 40. dxe5 Rd8 $19 {[SF17the Wh Q side pawns are at risk}) 33. Rxg6 Rg7 $6 {[%eval 203,19]} (33... a5 {[%eval 114,15]} 34. e6 Bxe6 35. Rxe6 {though Wh now has a definite plus-vk}) 34. Rxg7 Kxg7 35. Bxf5 Bxf5 36. Rxf5 {[Bl has lost two crucial pawnsand after e4 the Wh B re-enters the game-vk]} Kg6 37. Rf4 h5 $6 {[%eval 260,15]} (37... a5 {[%eval 189,13]} 38. a3 axb4 39. axb4 Ra1 40. Rf1 Bg5 41. Kg3 h6 42. Kf3 Kf7 43. h4 Be7 44. Kg2+ Ke6) 38. h4 a5 39. a3 $6 {[%eval 210,19]} (39. bxa5 {[%eval 260,18]} Rxa5 40. a3 Ra8) 39... axb4 40. cxb4 c3 41. Kf2 $6 {[%eval 152,21]} (41. e4 {[%eval 180,20]}) 41... Rc8 $2 {[%eval 258,21]} (41... Rf8 {[%eval 152,21]} 42. Rxf8 Bxf8 43. Ke2 Be7 44. Kd3 (44. a4 bxa4 45. b5 {is given as winning by SF17 here} Bxh4 (45... a3 46. Bxa3 Bxa3 47. Kd3 Be7 48. b6 Bd8 49. b7 Bc7 50. Kxc3 Kf5 51. Kb4 Ke4 52. Kc5 $18) 46. b6 Bd8 47. b7 Bc7 48. Ba3 Bb8 49. Bd6 a3 50. Bxa3 c2 51. Kd2 h4 52. Bd6 h3 53. Kxc2 h2 54. Bxb8 h1=Q 55. Ba7 Qa1 56. b8=Q $19 {SF17- vk]}) 44... Bxh4 45. Kxc3 Kf5 46. Kd3 (46. a4 $18 {SF17}) 46... Bg5 47. Ke2 Ke4 48. Kf2 h4 49. Kg2 Be7 50. Kh3 Kd3 51. Bb2 Kxe3 52. Kg4 Ke4 53. Ba1 Bd8 {[this final position is drawn- up to Wh's move 52, an a4 is winning at each move according to SF17- vk]}) 42. Ke2 Rc4 43. Kd3 c2 44. e4 dxe4+ 45. Rxe4 Kf5 46. Rf4+ (46. e6 $18 {Is the strongest here according to SF17}) 46... Kg6 $6 {[%eval 339,18]} (46... Ke6 {[%eval 236,20]} 47. a4 Rxb4 48. axb5 Rxb5 49. Kxc2 Rb8 50. Be3 Ra8 51. Bf2 Ra3 52. Kd2 Rb3 53. Ke2 Rh3 54. Kf1 Ra3 55. Ke2) 47. d5 $4 {[%eval -17,17]} (47. a4 {[%eval 339,18]} Rxb4 48. axb5 Rxb5 49. Kxc2 Kg7 50. Kd3) 47... Rxf4 48. Bxf4 Bxh4 $4 {[%eval 546,25]} (48... Kf5 {[%eval -21,16]} 49. d6 Kxf4 50. Kxc2 (50. dxe7 $1 c1=Q 51. e8=Q Qc4+ $11 {SF17}) 50... Bf8 {because now Bl is winning- vk}) 49. Kxc2 Kf5 50. Bh2 Bf2 $2 {[%eval 1054,24]} (50... Ke4 {[%eval 478,25]} 51. d6 Kf5 52. Kb3 Bf2 53. a4 h4 54. axb5 Ke6 55. Kc4 h3 56. Kd3 Ba7 57. Kc3 Kd5 58. Kd2 Ke6 59. Kd3 Kd7 60. Kc4 Ke6 61. Kc3 {This position is a comfortable win for Wh- the text move is at least worth a try-vk} (61. b6 Bxb6 62. Kb5 Bf2 63. Kc6 {wins quickly-SF17-vk})) 51. Kd3 Bb6 52. e6 Kf6 $2 {[%eval 1743,22]} (52... Bd8 {[%eval 997,25]} 53. Bd6 h4 54. e7 Bxe7 55. Bxe7 Ke5 56. d6 Ke6 57. Ke2 h3 58. Kf2 h2 59. Kg2 h1=N 60. Kxh1 Kd7 61. Kh2 Ke6 62. Kg3 Kd7 63. Kh3 Kc6 64. Kg4 Kd7 65. Kf5 Ke8 66. Kg4 Kd7) 53. Ke4 Bf2 54. Be5+ Ke7 55. Kf5 h4 56. Kg4 Be1 57. Bh2 $6 {[%eval 998,24]} (57. Kf5 {[%eval 32748,27]} Bf2 58. d6+ Kd8 59. Bf6+ Kc8 60. d7+ Kb7 61. d8=Q Bb6 62. Qd7+ Ka6 63. e7 h3 64. e8=Q Bf2 65. Qxb5+ Ka7 66. Qeb8#) 57... Bf2 58. Kf5 Bg3 59. Bg1 $4 {[%eval 9,20]} (59. d6+ {[%eval 890,21] This is actually Wh's only move to win- alternatives draw (with best play)-vk]} Kxd6 60. Kf6 Bxh2 61. e7 Kd5 62. e8=Q Kc4 63. Qc6+) 59... h3 60. Bc5+ Ke8 $4 {[%eval 539,21]} (60... Bd6 {[%eval 9,17]} 61. Bxd6+ Kxd6 62. Kf6 h2 63. e7 h1=Q 64. e8=Q Qh4+ 65. Kf5 Qf2+ 66. Kg4 Qg2+ 67. Kh4 Qh2+ 68. Kg5 Qg3+ 69. Kh6 Qh4+ 70. Kg6 Qg4+ 71. Kh7 Qh4+ 72. Kg7 Qd4+ 73. Kg8 Qxd5+ 74. Kh7 Qh1+ 75. Kg6 Qg2+ 76. Kf6 Qf3+) 61. d6 h2 62. d7+ Kd8 63. Bb6+ $4 {[%eval 0,30]} (63. Kf6 {[%eval 353,16] again the only way to win-vk} Kc7 64. Be7 Bh4+ 65. Kf7 Bxe7 66. Kxe7 Kb7 67. d8=Q h1=Q 68. Qd3 Kb6 69. Qd6+ Kb7 70. Qc5 Qf1 71. Kd6 Qf4+ 72. Kd7 Qd2+ 73. Qd6 Qc3 74. Qc5 Qxa3 75. Qxb5+) 63... Bc7 64. Bxc7+ $4 {[%eval -1789,15]} (64. Be3 {[%eval 0,28]} Bd6 65. Bg5+ Be7 66. Be3 Bd6 {and its level- vk}) 64... Kxc7 {As Tartakower said- one can never save half a point by resigning. It can be worth playing on if one sees a possibility of a chance- vk} 0-1

[Event "Shrewsbury A - Oswestry A"]
[Site "?"]
[Date "2025.04.02"]
[Round "Bd 5"]
[White "Smith, Jonathan"]
[Black "Smith, Mark"]
[Result "0-1"]
[Annotator "Van Kemenade,Rudy"]
[WhiteElo "1517"]
[BlackElo "1730"]
[PlyCount "49"]
[GameId "2164249900183616"]
[EventDate "2025.04.08"]
[SourceVersionDate "2025.04.08"]

{[%evp 0,19,15,23,15,-92,35,20,36,21,16,16,11,7,7,43,-32,-61,-20,-69,-71,-91]} 1. d4 Nf6 2. c4 g6 3. Nf3 Bg7 4. e3 {A solid line} O-O 5. Nc3 d5 {a Grunfeld} (5... d6 {King's Indian more frequent here}) 6. cxd5 (6. Be2 c5 7. O-O {main, but the text keeps things more closed}) 6... Nxd5 7. Nxd5 {this brings Bl's Q to a strong square, from which she is not easily ousted.Wh scores 21% from 309 games} (7. Bc4 {main, 50%}) (7. Be2) (7. Qb3) (7. Bd2) 7... Qxd5 8. Bd2 c5 9. Bc3 Nc6 10. dxc5 {The consensus of the Cloud Engines actually give this as Wh's best. but it ruins Wh's pawn structure and goes behind in development. SF17 prefers} (10. Be2 {when} cxd4 11. exd4 Rd8 12. O-O {Bl can then win the d pawn immediately; 1-1-4, though} Nxd4 (12... Be6 {seems even stronger} 13. Qa4 a6 14. Rfd1 b5 15. Qa3 a5 16. Qc5 b4 17. Qxd5 Rxd5 18. Be1 Nxd4 19. Nxd4 Rxd4 20. b3 Rc8 21. Rac1 Rxd1 22. Rxc8+ Bxc8 23. Bxd1 Bf5 24. Be2 Bb1 25. Bb5 Bxa2 26. Ba4 Bb1 27. Bd2 Bd4 28. Bf4 Bb6 29. Kf1 Kg7 30. Ke2 Kf6 31. Bb8 Ke6 32. f3 Kd5 33. Bg3 e5 34. Be8 f5 35. Bf7+ Kd6 36. Be8 f4 37. Bh4 Bc2 38. Ba4 Kd5 39. Kd2 Bb1 40. Ke2 e4 41. fxe4+ Bxe4 42. Kf1 f3 43. gxf3 Bxf3 44. Bg3 g5 45. h4 g4 46. h5 Ke4 47. Bb5 Bd1 48. Bc4 Kf3 49. Bd6 Ke3 50. Ke1 Bf3 51. Bg3 Bd8 52. Kf1 Kd4 53. Be1 Bg5 54. Bg3 a4 55. Bf2+ Kc3 56. Be1+ Kc2 57. Bxb4 axb3 58. Bg8 Be4 {0-1 Underwood,I (1784)-Groh,J (2087) EU-chT Railways USIC Dresden 2000 (1.5)})) (10. Bb5 {would be vk's choice, even though it cedes the two Bs} cxd4 11. Bxc6 bxc6 (11... Qxc6 $1 $19) 12. Bxd4 e5 $2 13. Bxe5 $1 $11 Qa5+ 14. Qd2 Qxd2+ 15. Kxd2 Rd8+ 16. Kc3 Bf8 17. Rhd1 Be6 18. b3 a5 19. Bf6 Bb4+ 20. Kb2 Rdb8 21. Nd4 Bd5 22. f3 a4 23. e4 Be6 24. Nxe6 fxe6 25. Rd7 Bf8 26. Rad1 axb3 27. axb3 Ba3+ 28. Kc2 Bf8 29. Ra1 Rxa1 30. Bxa1 Rb5 31. Bd4 Rh5 32. h3 Rg5 33. g4 Rb5 34. Kc3 e5 35. Be3 Bb4+ 36. Kc4 Bf8 37. Rd8 Kf7 38. Rc8 Rb4+ 39. Kc3 Rb7 40. Rxc6 Bb4+ 41. Kc4 Be7 42. Bb6 Ke8 43. Bc5 Kd7 44. Rb6 Rc7 45. b4 Bd8 46. Rd6+ Ke8 47. Kd5 Bf6 48. Rxf6 Rd7+ 49. Kxe5 Rd3 50. Re6+ Kd7 51. Rd6+ Rxd6 52. Bxd6 Kc6 53. Ke6 Kb5 54. Kf7 Kc4 55. Kg7 Kd3 56. Kxh7 Ke2 57. Kxg6 Kxf3 58. e5 Kg3 59. g5 Kxh3 60. Kf6 Kg4 61. g6 Kf4 62. g7 Ke4 63. g8=Q Kd4 64. Qe6 Kc3 65. Qd5 Kb2 66. Qc4 Ka3 67. b5+ Kb2 68. Qd3 Ka2 69. Qc3 Kb1 70. Qd2 Ka1 71. Ke6 Kb1 72. Kd5 Ka1 73. Kc4 Kb1 74. Kb3 Ka1 75. Qd1# {1-0 Karwowski,K (2155)-Haydon,D (2242) Titled Tuesday intern op 10th Oct Late Chess.com INT blitz 2023 (4)}) 10... Bxc3+ 11. bxc3 Qxc5 $17 12. Qc2 (12. Rc1 {2 draws, 1 Bl win}) 12... Bf5 (12... Be6 $17 {SF17, preparesto target the c pawn}) 13. Bd3 (13. Qb2 Rfc8 14. Be2 Na5 15. Rc1 Nc4 16. Qa1 a5 {looks terrible as Wh is completely passive, though not yet lost}) 13... Bxd3 14. Qxd3 Rfd8 {a natural move- the Cloud Engines find} (14... Rad8 {even stronger} 15. Nd4 (15. Qc2 Nb4 16. Qb3 Nd3+ 17. Ke2 e5 $19) 15... b6 (15... e5 16. Nb3 Rxd3 17. Nxc5 Rxc3 18. Nxb7 $15 {Wh escapes the worst}) 16. Qd2 e5 17. Nb3 Qc4 18. Qb2 e4 19. Nd4 Ne5 20. Qb3 Qa6 21. a4 Rd6 $19 {SF17}) 15. Qc2 Nb4 16. Qb3 Nd3+ 17. Ke2 Rac8 $17 (17... Rd6 18. c4 (18. Qxb7 Nf4+ $1 {exposing the Wh K} 19. exf4 Qc4+ 20. Ke1 Qxc3+ 21. Ke2 Qc4+ 22. Ke1 Rad8 23. Qxe7 Qc3+ 24. Kf1 Qxa1+ 25. Ne1 Qd4 $19 {SF17- good Engine tactics , though not that easy to calculate}) 18... e5 19. Ng5 Qc6 20. f3 Nc5 21. Qc2 Rc8 22. Rhd1 h6 23. Nh3 e4 $19 {SF17- the Bl pieces control the centre & Wh's K is still unsafe}) 18. Rab1 Qa5 19. c4 Nc5 (19... b5 $1 {SF17, opens up lines or wins with a powerful pawn} 20. Rhd1 (20. cxb5 Rc3 $19) 20... bxc4 21. Qc2 Rd6 $19 {SF17}) 20. Qc2 Rd3 21. Rhd1 {now vk seeing this position, missed that it was Bl to move. If it were instead Wh's move then Rb5 would be a win for Wh against all the run of play} Ra3 (21... Rc3 22. Qb2 Rxc4 $19 {SF17- simpler}) 22. Ra1 Rc3 (22... Nb3 $19) (22... b5 $19 {are SF17 ideas of finishing off}) 23. Qd2 Ne4 24. Qd5 Rc2+ 25. Nd2 (25. Nd2 Nc3+ 26. Kf1 Nxd5 $19) (25. Kf1 Rxf2+ 26. Kg1 Qxd5 27. cxd5 Rcc2 28. Ne1 Rxa2 29. Rdb1 Nd6 $19) 0-1